[Event "Let's Play Chess!"]
[Site "http://www.queenalice.com/game.php?id=239726"]
[Date "2007.7.14"]
[Round "-"]
[White "ChrisDavison102"]
[Black "adlerburg"]
[Result "1-0"]
[WhiteElo "1886"]
[BlackElo "1738"]

1. e4 e6 2. d4 d5 3. Nd2 c5 4. Ngf3 Nc6 5. exd5 exd5 6. Bb5 Qe7+ 7. Qe2 Bd7 8.
Qxe7+ Bxe7 9. O-O Nf6 10. Re1 O-O 11. Bxc6 Bxc6 12. Rxe7 Rfe8 13. Rxe8+ Rxe8 14.
Nf1 Bb5 15. dxc5 Be2 16. Nd4 Ba6 17. Bf4 Re4 18. Be3 Ng4 19. f3 1-0

[Event "Let's Play Chess!"]
[Site "http://www.queenalice.com/game.php?id=239727"]
[Date "2007.7.14"]
[Round "-"]
[White "adlerburg"]
[Black "ChrisDavison102"]
[Result "0-1"]
[WhiteElo "1728"]
[BlackElo "1898"]

1. e4 c5 2. Nf3 d6 3. Bc4 e6 4. d4 cxd4 5. Qxd4 Nc6 6. Bb5 Bd7 7. Qc3 Nf6 8. Bg5
Be7 9. O-O O-O 10. Re1 a6 11. e5 dxe5 12. Bxc6 Bxc6 13. h3 e4 14. Ne5 Bd5 15.
Rd1 h6 16. Bxf6 Bxf6 17. Qg3 Qc7 18. c4 Bxe5 0-1

[Event "Let's Play Chess!"]
[Site "http://www.queenalice.com/game.php?id=240478"]
[Date "2007.7.15"]
[Round "-"]
[White "Barbudo"]
[Black "adlerburg"]
[Result "1-0"]
[WhiteElo "1633"]
[BlackElo "1711"]

1. e4 e6 2. d4 d5 3. exd5 c5 4. dxe6 Bxe6 5. Nf3 Nf6 6. Bb5+ Bd7 7. Bc4 b5 8.
Be2 Nc6 9. Bxb5 a6 10. Qe2+ Be7 11. Bxc6 Bxc6 12. O-O Bxf3 13. Qxf3 cxd4 14.
Qc6+ Nd7 15. Qd5 Rc8 16. Qxd4 Rxc2 17. Qxg7 Bf6 18. Qg4 Bxb2 19. Bxb2 Rxb2 20.
Qd4 Qf6 21. Qe4+ Ne5 22. Rc1 Qxf2+ 23. Kh1 Kf8 24. Na3 Rg8 25. Rc8+ Kg7 26.
Qxe5+ f6 27. Qe7+ Kh6 28. Rxg8 Rxa2 29. Qf8+ 1-0

[Event "Let's Play Chess!"]
[Site "http://www.queenalice.com/game.php?id=240479"]
[Date "2007.7.15"]
[Round "-"]
[White "adlerburg"]
[Black "Barbudo"]
[Result "0-1"]
[WhiteElo "1741"]
[BlackElo "1619"]

1. e4 e5 2. Nf3 Nc6 3. Bc4 Nf6 4. Ng5 d5 5. exd5 Nxd5 6. d3 Nd4 7. c3 Ne6 8. Qb3
Nef4 9. g3 Qxg5 10. gxf4 Qg2 11. Bxd5 Qg6 12. Rg1 Qxg1+ 13. Kd2 Qxf2+ 14. Kd1
Bg4+ 0-1

[Event "QA-ANNIV-02"]
[Site "http://www.queenalice.com/game.php?id=241925"]
[Date "2007.7.18"]
[Round "8"]
[White "Pato"]
[Black "adlerburg"]
[Result "1-0"]
[WhiteElo "2051"]
[BlackElo "1713"]

1. e4 e6 2. Nf3 d5 3. Nc3 c5 4. d3 d4 5. Ne2 Nc6 6. Ng3 e5 7. c4 Nf6 8. Be2 h6
9. O-O Be7 10. a3 O-O 11. Rb1 a6 12. Bd2 b6 13. b4 cxb4 14. axb4 Bd6 15. b5 axb5
16. cxb5 Ne7 17. Qc1 Bb7 18. Bxh6 Rc8 19. Qg5 g6 20. Qxf6 1-0

[Event "QA-ANNIV-02"]
[Site "http://www.queenalice.com/game.php?id=271724"]
[Date "2007.9.14"]
[Round "9"]
[White "adlerburg"]
[Black "jcm"]
[Result "0-1"]
[WhiteElo "1676"]
[BlackElo "1671"]

1. e4 c5 2. Nf3 e6 3. Nc3 Nc6 4. Bb5 a6 5. Bxc6 bxc6 6. O-O Qc7 7. d3 Bb7 8. g3
Nf6 9. Bf4 d6 10. e5 Nd5 11. Nxd5 exd5 12. exd6 Bxd6 13. Qe2+ Kd7 14. Ne5+ Kc8
15. Nxf7 Bxf4 0-1

[Event "AUTO-INT-845"]
[Site "http://www.queenalice.com/game.php?id=376193"]
[Date "2008.3.24"]
[Round "1"]
[White "adlerburg"]
[Black "cirilovsk"]
[Result "1-0"]
[WhiteElo "1660"]
[BlackElo "1760"]

1. e4 c5 2. Bc4 e6 3. Nf3 d5 4. exd5 exd5 5. Bb5+ Bd7 6. Qe2+ Be7 7. Ne5 Nc6 8.
Nxc6 bxc6 9. Ba4 Nf6 10. O-O O-O 11. c4 Qc7 12. Qxe7 Qa5 13. Bd1 1-0

[Event "AUTO-INT-845"]
[Site "http://www.queenalice.com/game.php?id=376194"]
[Date "2008.3.24"]
[Round "1"]
[White "cirilovsk"]
[Black "adlerburg"]
[Result "1-0"]
[WhiteElo "1894"]
[BlackElo "1680"]

1. e4 e6 2. d4 d5 3. Nd2 c5 4. exd5 Nf6 5. Bb5+ Bd7 6. Bxd7+ Qxd7 7. dxe6 Qxe6+
8. Qe2 Qe7 9. dxc5 Nc6 10. Nb3 g6 11. Bg5 Bg7 12. O-O-O O-O 13. Qxe7 Nxe7 14.
Nf3 h6 15. Bf4 Ne4 16. Rhe1 Nxf2 17. Rxe7 Nxd1 18. Kxd1 Rfd8+ 19. Kc1 Rd5 20.
Rxb7 Rad8 21. Bd6 Bf8 22. c4 Rd3 23. Ne5 Re3 24. Nc6 Rde8 25. Bxf8 Kxf8 26. Rxa7
Re2 27. Ncd4 Rxg2 28. c6 1-0